[Event "Dutch Open 2024"]
[Site "Velp, Netherlands"]
[Date "2024.07.27"]
[Round "5.5"]
[White "Maatman, Nick"]
[Black "Zwirs, Jasper"]
[Result "1-0"]
[WhiteElo "2383"]
[BlackElo "2088"]
[PlyCount "61"]
[[Date "2024.08.01"]]

1. d4 d5 2. c4 c6 3. Nf3 Nf6 4. Nc3 e6 5. Bg5 h6 6. Bxf6 Qxf6 7. a3 Nd7 8. e4
dxe4 9. Nxe4 Qd8 10. Bd3 Be7 11. O-O O-O 12. Qe2 Qc7 13. Rfe1 a5 14. Rac1 Re8
15. Bb1 a4 16. Rc3 Ra5 17. Qc2 Nf8 18. c5 Bd7 19. Ne5 f5 20. Nd2 Bf6 21. Ndc4
Raa8 22. Ba2 Re7 23. Nb6 Rd8 24. Qxf5 Be8 25. Qe4 Bxe5 26. dxe5 Bg6 27. Qxa4
Nd7 28. Nxd7 Qxd7 29. Rcc1 Kh7 30. Rcd1 Qc7 31. Rd6 1-0

[Event "Dutch Open 2024"]
[Site "Velp, Netherlands"]
[Date "2024.07.27"]
[Round "5.6"]
[White "Van Rootselaar, Rik"]
[Black "Buckels, Valentin"]
[Result "1-0"]
[WhiteElo "2152"]
[BlackElo "2478"]
[PlyCount "101"]
[[Date "2024.08.01"]]

1. d4 Nf6 2. c4 e6 3. Nf3 d5 4. g3 Bb4+ 5. Bd2 Be7 6. Bg2 O-O 7. O-O c6 8. Bc3
Ne4 9. a4 a5 10. Nbd2 f5 11. Nxe4 fxe4 12. Nd2 e5 13. cxd5 exd4 14. Bxd4 cxd5
15. Qb3 Kh8 16. f3 Bb4 17. fxe4 Nc6 18. Rxf8+ Qxf8 19. Rf1 Qe7 20. Be3 d4 21.
Bg5 Qc5 22. Qd5 Bg4 23. Qxc5 Bxc5 24. Rc1 Ba7 25. Bf3 Bh3 26. Kf2 Rf8 27. Ke1
Bb8 28. Rc5 Bd6 29. Rd5 Bc7 30. Rb5 d3 31. Rxb7 Be5 32. Nc4 Bd4 33. Be3 Bxe3
34. Nxe3 Nd4 35. Kd2 dxe2 36. Bxe2 g6 37. Bg4 Bxg4 38. Nxg4 Nf3+ 39. Ke2 h5 40.
Ne3 Nxh2 41. Rb5 Rf3 42. e5 Kg7 43. Rxa5 Rxg3 44. Ra7+ Kh6 45. e6 Rg5 46. Nc4
Rg2+ 47. Kd3 Ng4 48. e7 Nf6 49. Ra6 Rg3+ 50. Ne3 Ne8 51. Ra8 1-0

[Event "Dutch Open 2024"]
[Site "Velp, Netherlands"]
[Date "2024.07.27"]
[Round "5.7"]
[White "Panjer, Sidney"]
[Black "Grooten, Tommy"]
[Result "1-0"]
[WhiteElo "2204"]
[BlackElo "2146"]
[PlyCount "167"]
[[Date "2024.08.01"]]

1. Nf3 f5 2. d4 Nf6 3. g3 e6 4. Bg2 Be7 5. O-O O-O 6. c4 d6 7. Nc3 Qe8 8. b4
Nbd7 9. Qb3 h6 10. a4 a5 11. Nb5 Bd8 12. bxa5 Ne4 13. Ba3 Ndf6 14. Rad1 Qh5 15.
c5 Ra6 16. cxd6 cxd6 17. Rc1 Bd7 18. Nc7 Rc6 19. Nxe6 Qf7 20. d5 Rxc1 21. Rxc1
Re8 22. Nxd8 Rxd8 23. Qxb7 Qxd5 24. Qxd5+ Nxd5 25. Nd4 Ra8 26. f3 Nef6 27. e4
Ne3 28. Bxd6 fxe4 29. Bb4 Nxg2 30. Kxg2 exf3+ 31. Kxf3 Rb8 32. Nb5 Bg4+ 33. Kg2
Nd5 34. Be1 Rc8 35. Rxc8+ Bxc8 36. Kf3 Bb7 37. Ke4 Nb4+ 38. Ke3 Na6 39. Kd4 Kf8
40. Na7 Ke7 41. Kc4 Kd7 42. Kb5 Nc7+ 43. Kb6 Bf3 44. a6 Na8+ 45. Ka5 g6 46. Bd2
h5 47. Bf4 Bg2 48. Nb5 Kc6 49. Nd4+ Kd5 50. Nc2 Be4 51. Nb4+ Kc4 52. Be3 Bf3
53. a7 Bh1 54. h4 Bg2 55. Bg5 Kc5 56. Be7+ Kc4 57. Bd6 Bh1 58. Bf4 Be4 59. Na6
Kd5 60. Kb4 Kc6 61. Nc5 Bf5 62. a5 Kd5 63. Na4 Kc6 64. Be3 Bg4 65. Kc4 Kb7 66.
Kd5 Bf3+ 67. Ke5 Bg4 68. Nc3 Nc7 69. Bb6 Ne8 70. Nd5 Bd1 71. Nf4 Bc2 72. Ke6
Bb3+ 73. Ke7 Ng7 74. Kf6 Nf5 75. Bf2 Nd6 76. Kxg6 Bf7+ 77. Kg7 Be8 78. Nd5 Nb5
79. Nf6 Bc6 80. Nxh5 Nd6 81. Nf6 Bf3 82. h5 Bxh5 83. Nxh5 Ne4 84. Bb6 1-0

[Event "Dutch Open 2024"]
[Site "Velp, Netherlands"]
[Date "2024.07.27"]
[Round "5.8"]
[White "Schroeder, Lennart"]
[Black "Ritzerveld, Noah"]
[Result "0-1"]
[WhiteElo "2146"]
[BlackElo "2181"]
[PlyCount "44"]
[[Date "2024.08.01"]]

1. d4 d5 2. Nf3 Nf6 3. g3 Bf5 4. Bg2 c6 5. O-O h6 6. b3 e6 7. Bb2 Bd6 8. c4 O-O
9. Nc3 Nbd7 10. Nd2 Re8 11. e4 dxe4 12. Ndxe4 Nxe4 13. Nxe4 Be7 14. d5 exd5 15.
cxd5 Bxe4 16. Bxe4 Bf6 17. Bxf6 Nxf6 18. Bg2 cxd5 19. Qd4 Qd6 20. Rfd1 a6 21.
Bxd5 Nxd5 22. Qxd5 Re1+ 0-1

[Event "Dutch Open 2024"]
[Site "Velp, Netherlands"]
[Date "2024.07.27"]
[Round "5.9"]
[White "Schuricht, Emil Frederick"]
[Black "Kazarjan, Gachatur"]
[Result "1-0"]
[WhiteElo "1973"]
[BlackElo "2174"]
[PlyCount "51"]
[[Date "2024.08.01"]]

1. c4 f5 2. Nf3 Nf6 3. g3 e6 4. Bg2 Be7 5. O-O O-O 6. Nc3 d6 7. b4 e5 8. d3 Qe8
9. Bb2 Nbd7 10. e3 c6 11. b5 e4 12. dxe4 Nxe4 13. Nxe4 fxe4 14. Nd2 d5 15. bxc6
bxc6 16. cxd5 cxd5 17. Nxe4 dxe4 18. Qd5+ Qf7 19. Qxa8 Ba6 20. Qxa7 Bxf1 21.
Rxf1 Bc5 22. Qa4 Nb6 23. Qxe4 Qxa2 24. Qe5 Rf7 25. Ra1 Qb3 26. Qxc5 1-0

[Event "Dutch Open 2024"]
[Site "Velp, Netherlands"]
[Date "2024.07.27"]
[Round "5.10"]
[White "Weidemann, Jakob"]
[Black "Van Foreest, Machteld"]
[Result "1-0"]
[WhiteElo "2142"]
[BlackElo "2272"]
[PlyCount "105"]
[[Date "2024.08.01"]]

1. e4 e5 2. Nf3 Nc6 3. Bc4 Nf6 4. d3 h6 5. O-O d6 6. a4 g6 7. Re1 Bg7 8. c3 O-O
9. a5 a6 10. h3 Kh7 11. Bb3 Nh5 12. Nbd2 Qe7 13. Nf1 Be6 14. Bc2 Rad8 15. d4
Bc8 16. d5 Nb8 17. c4 Kh8 18. Be3 Nf4 19. Qd2 Qf6 20. N1h2 g5 21. Ra3 Qg6 22.
Bxf4 gxf4 23. Nh4 Qg5 24. Nf5 Rde8 25. Qe2 Rg8 26. Nf3 Qg6 27. Ba4 Bd7 28. Bxd7
Nxd7 29. Kh1 Bf6 30. Rg1 Qh5 31. b4 Rg5 32. Re1 Rxf5 33. exf5 e4 34. Nd2 Qxf5
35. Nxe4 Bd4 36. Rd3 Bxf2 37. Qxf2 Rxe4 38. Rxe4 Qxe4 39. Rd4 Qb1+ 40. Kh2 Ne5
41. Qxf4 Kg7 42. c5 Qb2 43. cxd6 cxd6 44. Rd2 Qc1 45. Rf2 Qc7 46. Qf6+ Kh7 47.
Qf5+ Kg7 48. Rc2 Qe7 49. Rb2 Qh4 50. Rb3 Qd4 51. Rg3+ Ng6 52. Rg4 Qe3 53. h4
1-0

[Event "Dutch Open 2024"]
[Site "Velp, Netherlands"]
[Date "2024.07.27"]
[Round "5.11"]
[White "Dordevic, Tom"]
[Black "Stillger, Bernhard"]
[Result "1/2-1/2"]
[WhiteElo "2133"]
[BlackElo "2263"]
[PlyCount "25"]
[[Date "2024.08.01"]]

1. d4 d5 2. c4 dxc4 3. e4 Nf6 4. e5 Nd5 5. Bxc4 Nb6 6. Bb3 Nc6 7. Nf3 Bg4 8.
Ng5 Bxd1 9. Bxf7+ Kd7 10. Be6+ Ke8 11. Bf7+ Kd7 12. Be6+ Ke8 13. Bf7+ 1/2-1/2

[Event "Dutch Open 2024"]
[Site "Velp, Netherlands"]
[Date "2024.07.27"]
[Round "5.12"]
[White "Hilwerda, Jonas"]
[Black "Bus, Tom"]
[Result "1-0"]
[WhiteElo "2257"]
[BlackElo "2082"]
[PlyCount "53"]
[[Date "2024.08.01"]]

1. e4 c5 2. Nf3 d6 3. d4 cxd4 4. Nxd4 Nf6 5. Nc3 Nc6 6. Bg5 e6 7. Qd2 a6 8.
Nxc6 bxc6 9. O-O-O h6 10. Bf4 d5 11. Qe3 Be7 12. h4 Qa5 13. Be2 h5 14. Qg3 Ra7
15. e5 Ng4 16. f3 Nh6 17. Qxg7 Rg8 18. Qxh6 Rb7 19. Rd3 c5 20. Nxd5 c4 21. Rd4
Qxa2 22. Kd2 Bb4+ 23. Nxb4 Rxb4 24. Bg5 c3+ 25. bxc3 Rxd4+ 26. cxd4 Qa5+ 27.
Ke3 1-0

[Event "Dutch Open 2024"]
[Site "Velp, Netherlands"]
[Date "2024.07.27"]
[Round "5.13"]
[White "Bakija, Alan"]
[Black "Saketh, Pedagandham"]
[Result "1-0"]
[WhiteElo "2171"]
[BlackElo "2051"]
[PlyCount "67"]
[[Date "2024.08.01"]]

1. Nf3 Nf6 2. g3 d5 3. Bg2 c6 4. O-O Bg4 5. h3 Bh5 6. c4 e6 7. d4 Nbd7 8. cxd5
cxd5 9. Bf4 Be7 10. Nc3 O-O 11. g4 Bg6 12. Ne5 Nxe5 13. dxe5 Ne8 14. e4 d4 15.
Ne2 Bc5 16. Rc1 Bb6 17. Rc4 f6 18. Nxd4 fxe5 19. Bxe5 Nd6 20. Ra4 Nxe4 21. Nxe6
Qxd1 22. Rxd1 Nxf2 23. Rd7 Rf7 24. Rxf7 Bxf7 25. Bd4 Bxd4 26. Nxd4 Nd3 27. b3
Re8 28. Rxa7 h5 29. Bxb7 Re1+ 30. Kg2 hxg4 31. hxg4 g5 32. Bf3 Nf4+ 33. Kg3 Re3
34. Nf5 1-0

[Event "Dutch Open 2024"]
[Site "Velp, Netherlands"]
[Date "2024.07.27"]
[Round "5.14"]
[White "Labruyere, Roger"]
[Black "Van Foreest, Nanne"]
[Result "1-0"]
[WhiteElo "2170"]
[BlackElo "1985"]
[PlyCount "121"]
[[Date "2024.08.01"]]

1. e4 e5 2. Nf3 Nc6 3. Bb5 a6 4. Ba4 d6 5. c3 f5 6. d3 Nf6 7. Qe2 Bd7 8. Nbd2
Be7 9. O-O f4 10. d4 b5 11. dxe5 dxe5 12. Bb3 h6 13. a4 Rb8 14. Bd5 Bd6 15.
axb5 axb5 16. c4 Qe7 17. cxb5 Nb4 18. Bc4 g5 19. Nb3 Bg4 20. Bd2 Bh5 21. Bxb4
Bxb4 22. Ra6 Bd6 23. Na5 g4 24. Nxe5 Qxe5 25. Nc6 f3 26. Nxe5 fxe2 27. Bxe2
Bxe5 28. Re6+ Kf7 29. Rxe5 Rhe8 30. Rc5 Rxe4 31. Rxc7+ Re7 32. Bc4+ Kf8 33.
Rxe7 Kxe7 34. Re1+ Kf8 35. Re6 Kg7 36. Re7+ Kf8 37. Re6 Kg7 38. b6 Bg6 39. f3
gxf3 40. gxf3 Bf5 41. Re7+ Kg6 42. b7 Nd7 43. Bd5 Kf6 44. Re3 Nc5 45. Rc3 Nd3
46. Ra3 Nc5 47. Ra8 Nd7 48. Bc6 Be6 49. b4 Ke7 50. b5 Kd6 51. Bxd7 Rxb7 52. Bc6
Rf7 53. Kf2 Kc5 54. Ra1 Bc4 55. Rc1 Rf5 56. Be4 Rf4 57. Bd3 Kxb5 58. Rxc4 Rxc4
59. Ke3 Kc5 60. Bxc4 Kxc4 61. Ke4 1-0

[Event "Dutch Open 2024"]
[Site "Velp, Netherlands"]
[Date "2024.07.27"]
[Round "5.15"]
[White "Vos, Tjark"]
[Black "Zecha, Oscar"]
[Result "1-0"]
[WhiteElo "2170"]
[BlackElo "1999"]
[PlyCount "97"]
[[Date "2024.08.01"]]

1. Nf3 Nf6 2. c4 e6 3. Nc3 d5 4. d4 Bb4 5. e3 O-O 6. Bd2 Nbd7 7. Rc1 Re8 8.
cxd5 exd5 9. Nb5 Bxd2+ 10. Nxd2 c6 11. Nd6 Re6 12. Nxc8 Rxc8 13. Be2 Ne4 14.
O-O Ndf6 15. Nxe4 Rxe4 16. b4 Qd6 17. b5 c5 18. Qa4 c4 19. Qxa7 Ree8 20. Rc2
Qd7 21. Qa5 Ra8 22. Qb4 b6 23. a4 Qe7 24. Rb1 Ra5 25. Rcc1 Ne4 26. Bf3 f5 27.
g3 g5 28. h3 Qxb4 29. Rxb4 Nf6 30. Kg2 h5 31. Bd1 g4 32. hxg4 hxg4 33. Bc2 Ne4
34. Rh1 Nd6 35. Rh6 Rd8 36. Rb1 Raa8 37. Rbh1 Kg7 38. Rh7+ Kg6 39. R1h6+ Kg5
40. Re6 Ne4 41. Rxb6 Rd6 42. Rxd6 Nxd6 43. Rd7 Ne4 44. Rxd5 Kg6 45. b6 Nd2 46.
a5 Kg7 47. b7 Rh8 48. Rxf5 Nf3 49. Rxf3 1-0

[Event "Dutch Open 2024"]
[Site "Velp, Netherlands"]
[Date "2024.07.27"]
[Round "5.16"]
[White "Smid, Jelle"]
[Black "Shakhverdian, William"]
[Result "0-1"]
[WhiteElo "2080"]
[BlackElo "2157"]
[PlyCount "60"]
[[Date "2024.08.01"]]

1. e4 e5 2. Nf3 Nc6 3. Bb5 a6 4. Ba4 Nf6 5. O-O b5 6. Bb3 Be7 7. Re1 O-O 8. h3
Bb7 9. c3 d5 10. exd5 Nxd5 11. d3 Qd6 12. Nbd2 Rad8 13. Ne4 Qg6 14. Ng3 Nf4 15.
Bxf4 exf4 16. Ne4 Kh8 17. d4 f5 18. Ned2 Bf6 19. Bc2 Bxd4 20. cxd4 Nxd4 21. Kh2
Rd6 22. Rg1 Nxf3+ 23. gxf3 Qh5 24. Qe2 Re8 25. Ne4 fxe4 26. Rae1 Rh6 27. Qf1
Bc8 28. Qg2 Rg6 29. Qf1 Rxg1 30. Kxg1 Bxh3 0-1

[Event "Dutch Open 2024"]
[Site "Velp, Netherlands"]
[Date "2024.07.27"]
[Round "5.17"]
[White "Van de Pavoordt, Max"]
[Black "Odendahl, Reiner"]
[Result "1/2-1/2"]
[WhiteElo "2044"]
[BlackElo "2274"]
[PlyCount "45"]
[[Date "2024.08.01"]]

1. c4 g6 2. Nc3 Bg7 3. g3 Nf6 4. Bg2 O-O 5. e4 c5 6. Nge2 Nc6 7. O-O Rb8 8. d3
a6 9. a4 d6 10. h3 Ne8 11. Be3 Nc7 12. d4 b6 13. f4 Na5 14. b3 Ne6 15. Rb1 cxd4
16. Nxd4 Nxd4 17. Bxd4 e5 18. fxe5 dxe5 19. Be3 Be6 20. Kh2 Nc6 21. Nd5 Nd4 22.
Qd2 Bxd5 23. cxd5 1/2-1/2

[Event "Dutch Open 2024"]
[Site "Velp, Netherlands"]
[Date "2024.07.27"]
[Round "5.18"]
[White "Hng, Mei-Xian Eunice"]
[Black "Van Kuijk, Vadim"]
[Result "1-0"]
[WhiteElo "2036"]
[BlackElo "2131"]
[PlyCount "47"]
[[Date "2024.08.01"]]

1. e4 c6 2. d4 d5 3. e5 Bf5 4. h4 h5 5. c4 e6 6. Nc3 dxc4 7. Bxc4 Nd7 8. Nge2
Be7 9. Ng3 Bg6 10. Nce4 b5 11. Be2 Nb6 12. Bg5 f6 13. Be3 Nd5 14. Bxh5 Bxh5 15.
Nxh5 Nxe3 16. fxe3 Qd5 17. Qf3 Bb4+ 18. Kf2 fxe5 19. Rhd1 O-O-O 20. dxe5 Qxe5
21. Rxd8+ Kxd8 22. Rd1+ Kc7 23. Nf4 Nh6 24. Nd3 1-0

[Event "Dutch Open 2024"]
[Site "Velp, Netherlands"]
[Date "2024.07.27"]
[Round "5.19"]
[White "Aravindhan, Achyuth"]
[Black "Aarav Sarbalia"]
[Result "1/2-1/2"]
[WhiteElo "2094"]
[BlackElo "2042"]
[PlyCount "148"]
[[Date "2024.08.01"]]

1. e4 e5 2. Nf3 Nc6 3. Bc4 Nf6 4. d4 exd4 5. e5 d5 6. Bb5 Nd7 7. O-O Be7 8.
Bxc6 bxc6 9. Nxd4 Nb8 10. Qf3 c5 11. Nf5 Bxf5 12. Qxf5 Qd7 13. Qd3 O-O 14. b3
Nc6 15. Bb2 f6 16. exf6 Bxf6 17. Bxf6 Rxf6 18. Nc3 Nd4 19. Ne2 Nxe2+ 20. Qxe2
Re8 21. Qd2 Rfe6 22. Qa5 Qc6 23. Rae1 Qb6 24. Qd2 Qd6 25. h3 a6 26. Rxe6 Rxe6
27. Re1 Rxe1+ 28. Qxe1 Kf7 29. Qe2 g6 30. Qe3 Kf8 31. h4 h5 32. g3 Kf7 33. Kg2
Kg7 34. f3 Kf7 35. g4 hxg4 36. fxg4 Kg7 37. Kf3 Qf6+ 38. Kg3 Qd6+ 39. Qf4 Qe7
40. Qf3 Qe5+ 41. Kh3 c6 42. Qd3 Qe1 43. Qf3 Qe5 44. a4 Qe1 45. h5 gxh5 46. gxh5
Kh6 47. Kg4 Qe6+ 48. Qf5 Qe2+ 49. Kf4 Qh2+ 50. Ke3 Qg1+ 51. Ke2 Qg2+ 52. Kd3
Qg3+ 53. Kd2 Qg2+ 54. Kc3 Qg7+ 55. Kd3 Qg3+ 56. Ke2 Qg2+ 57. Ke3 Qg1+ 58. Kf4
Qh2+ 59. Kg4 Qg2+ 60. Kf4 Qh2+ 61. Kf3 Qh1+ 62. Kf2 Qh2+ 63. Ke3 Qg1+ 64. Kf4
Qh2+ 65. Ke3 Qg1+ 66. Kd2 Qg2+ 67. Kc3 Qg7+ 68. Kd2 Qg2+ 69. Ke3 Qg1+ 70. Kf4
Qh2+ 71. Kg4 Qg2+ 72. Kf4 Qh2+ 73. Ke3 Qg1+ 74. Kf4 Qh2+ 1/2-1/2

[Event "Dutch Open 2024"]
[Site "Velp, Netherlands"]
[Date "2024.07.27"]
[Round "5.20"]
[White "Kurt, Sascha"]
[Black "Krylov, Philippe"]
[Result "1-0"]
[WhiteElo "2071"]
[BlackElo "1974"]
[PlyCount "69"]
[[Date "2024.08.01"]]

1. e4 c6 2. d4 d5 3. e5 Bf5 4. h4 h5 5. Bd3 Bxd3 6. Qxd3 Qa5+ 7. Nd2 e6 8. Ngf3
Nh6 9. O-O Nf5 10. Rd1 Be7 11. g3 O-O 12. Nf1 Qa6 13. Qb3 c5 14. c3 cxd4 15.
Nxd4 Nxd4 16. cxd4 Nc6 17. Qf3 g6 18. Bh6 Rfc8 19. Ne3 Qb6 20. Qf4 Bf8 21. Bg5
Nb4 22. Rd2 Rc6 23. a3 Qa5 24. Rad1 Na6 25. g4 Rc1 26. Kg2 Rxd1 27. Rxd1 hxg4
28. Nxg4 Nc7 29. Bf6 Ne8 30. Nh6+ Kh7 31. Nxf7 Kg8 32. Ng5 Qa6 33. Be7 Ng7 34.
Qf7+ Kh8 35. Bxf8 1-0

[Event "Dutch Open 2024"]
[Site "Velp, Netherlands"]
[Date "2024.07.27"]
[Round "5.21"]
[White "Koster, Chiel"]
[Black "Smit, Manuel"]
[Result "1-0"]
[WhiteElo "2058"]
[BlackElo "1969"]
[PlyCount "83"]
[[Date "2024.08.01"]]

1. Nf3 Nf6 2. c4 g6 3. g3 Bg7 4. Bg2 O-O 5. O-O d6 6. Nc3 c6 7. Rb1 Nbd7 8. d3
e5 9. Ne1 Nc5 10. Nc2 Ne6 11. e4 Nd4 12. Nxd4 exd4 13. Ne2 Ng4 14. h3 Ne5 15.
f4 Nd7 16. g4 Re8 17. g5 a5 18. b3 d5 19. cxd5 cxd5 20. e5 Nc5 21. Bb2 Bf5 22.
Rf3 Ne6 23. Ng3 Bf8 24. Nxf5 gxf5 25. Rf2 Bb4 26. Qf3 a4 27. bxa4 Rxa4 28. Qxd5
Bc3 29. Bc1 Re7 30. Qf3 Qa5 31. a3 Nc5 32. h4 Qa6 33. Bf1 Qe6 34. Rb5 Nb3 35.
Qd1 Nxc1 36. Qxa4 Qc6 37. Bg2 Qe8 38. Qc4 Rc7 39. Qxc7 Qxb5 40. Qd8+ Kg7 41.
Bd5 Qa6 42. e6 1-0

[Event "Dutch Open 2024"]
[Site "Velp, Netherlands"]
[Date "2024.07.27"]
[Round "5.22"]
[White "Hng, Mei-En Emmanuelle"]
[Black "Wink, Luka"]
[Result "0-1"]
[WhiteElo "2144"]
[BlackElo "2066"]
[PlyCount "84"]
[[Date "2024.08.01"]]

1. Nf3 f5 2. g3 Nf6 3. d4 e6 4. Bg2 Be7 5. c4 d6 6. Nc3 O-O 7. O-O Ne4 8. Qd3
Nxc3 9. bxc3 Nc6 10. e4 e5 11. Re1 fxe4 12. Qxe4 Bf6 13. Rb1 Qe8 14. Bg5 Qf7
15. dxe5 dxe5 16. Be3 g6 17. g4 Rb8 18. h3 Be6 19. Nd2 Rfe8 20. Rb5 a6 21. Rb2
Kh8 22. Reb1 Na5 23. Rb4 Rbd8 24. Qc2 b6 25. c5 b5 26. Bf1 Nc6 27. R4b2 Qe7 28.
Ne4 Na5 29. Qc1 Bd5 30. Bg2 Nc4 31. Re2 Nxe3 32. Qxe3 Bc4 33. Rd2 Rxd2 34. Nxd2
Bg5 35. Qe1 Bd3 36. Ra1 e4 37. Bf1 e3 38. fxe3 Bh4 39. Bxd3 Bxe1 40. Rxe1 Rd8
41. Nf3 Rxd3 42. Kf2 Qxc5 0-1

[Event "Dutch Open 2024"]
[Site "Velp, Netherlands"]
[Date "2024.07.27"]
[Round "5.23"]
[White "Gortemaker, Lucas"]
[Black "Blok, Xaveer"]
[Result "1-0"]
[WhiteElo "2097"]
[BlackElo "1885"]
[PlyCount "55"]
[[Date "2024.08.01"]]

1. e4 c5 2. Nf3 d6 3. Bb5+ Nd7 4. O-O a6 5. Bd3 g6 6. c3 Bg7 7. Bc2 b5 8. d4
Bb7 9. Re1 e6 10. a4 Ne7 11. Na3 O-O 12. Bg5 f6 13. Be3 b4 14. Nc4 Qc7 15. dxc5
d5 16. Nd6 bxc3 17. b4 dxe4 18. Nd4 Bd5 19. Bxe4 Rfb8 20. Bxd5 exd5 21. Ne6 Qc6
22. Nxg7 Kxg7 23. Bh6+ Kxh6 24. Rxe7 Ne5 25. Qc1+ g5 26. Qxc3 Rh8 27. Qh3+ Kg6
28. Qf5+ 1-0

[Event "Dutch Open 2024"]
[Site "Velp, Netherlands"]
[Date "2024.07.27"]
[Round "5.24"]
[White "Goudriaan, Rafael"]
[Black "Vosselman, Jan"]
[Result "1-0"]
[WhiteElo "2028"]
[BlackElo "2094"]
[PlyCount "67"]
[[Date "2024.08.01"]]

1. Nf3 f5 2. d3 Nf6 3. e4 d6 4. exf5 Bxf5 5. d4 g6 6. Bc4 d5 7. Bd3 Ne4 8. Nh4
e6 9. Nxf5 exf5 10. Qe2 Qe7 11. Bf4 Bg7 12. c3 O-O 13. f3 Qf7 14. fxe4 fxe4 15.
Bxe4 dxe4 16. O-O Nc6 17. Nd2 Rae8 18. Bd6 cxd6 19. Rxf7 Rxf7 20. Nxe4 Ree7 21.
Qd3 d5 22. Ng5 Rf5 23. Nf3 Bh6 24. Rf1 a6 25. Nh4 Be3+ 26. Kh1 Rh5 27. Nxg6 Rf7
28. Rxf7 Kxf7 29. Nh8+ Kg7 30. Qxe3 Rf5 31. g4 Rf8 32. Qg5+ Kxh8 33. Qxd5 Rf2
34. Qc5 1-0

[Event "Dutch Open 2024"]
[Site "Velp, Netherlands"]
[Date "2024.07.29"]
[Round "6.1"]
[White "Leenhouts, Koen"]
[Black "De Winter, Arthur"]
[Result "0-1"]
[WhiteElo "2454"]
[BlackElo "2411"]
[PlyCount "72"]
[[Date "2024.08.01"]]

1. d4 d5 2. c4 dxc4 3. Nf3 Nf6 4. e3 e6 5. Bxc4 c5 6. O-O a6 7. Qe2 b5 8. Bd3
Nbd7 9. a4 c4 10. Bc2 Bb7 11. e4 Be7 12. Re1 O-O 13. Nbd2 Rc8 14. axb5 axb5 15.
Nf1 Nb8 16. Bg5 Nc6 17. d5 exd5 18. exd5 Nxd5 19. Qe4 g6 20. Rad1 Ncb4 21. Bxe7
Qxe7 22. Qxe7 Nxe7 23. Rxe7 Bxf3 24. gxf3 Nxc2 25. Rdd7 Rce8 26. Nd2 Rxe7 27.
Rxe7 Rd8 28. Ne4 Rd1+ 29. Kg2 Ne1+ 30. Kg3 Nd3 31. Rb7 Rg1+ 32. Kh4 h6 33. Rxb5
g5+ 34. Kh5 Kg7 35. Ng3 Nf4+ 36. Kg4 Kg6 0-1

[Event "Dutch Open 2024"]
[Site "Velp, Netherlands"]
[Date "2024.07.29"]
[Round "6.2"]
[White "Hausrath, Daniel"]
[Black "Maatman, Nick"]
[Result "1/2-1/2"]
[WhiteElo "2469"]
[BlackElo "2383"]
[PlyCount "32"]
[[Date "2024.08.01"]]

1. Nf3 Nf6 2. b3 d5 3. Bb2 Bf5 4. Nh4 Bd7 5. e3 c5 6. Nf3 Nc6 7. Be2 g6 8. c4
dxc4 9. bxc4 Bg7 10. O-O O-O 11. Qb3 a6 12. Ne5 Nxe5 13. Bxe5 Bc6 14. d4 cxd4
15. exd4 b5 16. Nc3 bxc4 1/2-1/2

[Event "Dutch Open 2024"]
[Site "Velp, Netherlands"]
[Date "2024.07.29"]
[Round "6.3"]
[White "Panjer, Sidney"]
[Black "Beerdsen, Thomas"]
[Result "0-1"]
[WhiteElo "2204"]
[BlackElo "2510"]
[PlyCount "40"]
[[Date "2024.08.01"]]

1. d4 d5 2. c4 e6 3. Nf3 a6 4. Bg5 f6 5. Bf4 dxc4 6. a4 e5 7. dxe5 Qxd1+ 8.
Kxd1 Nc6 9. e3 Be6 10. Nbd2 O-O-O 11. Kc1 g5 12. Bg3 g4 13. Nd4 Nxd4 14. exd4
Rxd4 15. Be2 h5 16. exf6 Bh6 17. Rd1 Nxf6 18. Be5 Rxd2 19. Rxd2 Rd8 20. Bxf6
Rxd2 0-1

[Event "Dutch Open 2024"]
[Site "Velp, Netherlands"]
[Date "2024.07.29"]
[Round "6.4"]
[White "De Boer, Eelke"]
[Black "Schuricht, Emil Frederick"]
[Result "1-0"]
[WhiteElo "2384"]
[BlackElo "1973"]
[PlyCount "63"]
[[Date "2024.08.01"]]

1. e4 c6 2. d4 d5 3. e5 Bf5 4. Nf3 e6 5. Be2 c5 6. c3 Nc6 7. O-O Nge7 8. dxc5
Ng6 9. b4 Ngxe5 10. Nxe5 Nxe5 11. f4 Nc6 12. g4 Bxb1 13. Rxb1 Be7 14. Kh1 O-O
15. Qc2 a5 16. a3 Qc7 17. Be3 axb4 18. axb4 Ra3 19. b5 Nb8 20. Bd3 g6 21. f5
Bxc5 22. Bh6 Qe5 23. fxg6 fxg6 24. Bxf8 Rxc3 25. Qd2 Bxf8 26. Rbe1 Qd4 27. Qe2
Kg7 28. Qxe6 Bc5 29. Rf7+ Kh6 30. Rxh7+ Kxh7 31. Qxg6+ Kh8 32. Qh7# 1-0

[Event "Dutch Open 2024"]
[Site "Velp, Netherlands"]
[Date "2024.07.29"]
[Round "6.5"]
[White "Baselmans, Luuk"]
[Black "Van Rootselaar, Rik"]
[Result "0-1"]
[WhiteElo "2345"]
[BlackElo "2152"]
[PlyCount "84"]
[[Date "2024.08.01"]]

1. e4 c5 2. Nf3 Nc6 3. Bb5 e5 4. O-O Bd6 5. d4 Nxd4 6. Bc4 h6 7. Nxd4 cxd4 8.
c3 Bc5 9. f4 d5 10. Bxd5 Nf6 11. b4 Nxd5 12. bxc5 Nxc3 13. Qf3 Qa5 14. Bd2 Qxc5
15. Kh1 exf4 16. Nxc3 dxc3 17. Rac1 O-O 18. Rxc3 Qb5 19. Bxf4 Bg4 20. Qf2 Qe2
21. Rg3 Kh7 22. Bd6 Qxf2 23. Rxf2 Rfd8 24. e5 Be6 25. Rb2 b6 26. h3 Rac8 27.
Kh2 Rc4 28. Ra3 Rdc8 29. Rg3 Rc2 30. Rxc2 Rxc2 31. a3 Bd5 32. Bf8 g6 33. Be7
Re2 34. Bf6 b5 35. Kg1 a5 36. Rd3 Rxg2+ 37. Kf1 Bc4 38. Kxg2 Bxd3 39. h4 b4 40.
axb4 axb4 41. Be7 b3 42. Ba3 g5 0-1

[Event "Dutch Open 2024"]
[Site "Velp, Netherlands"]
[Date "2024.07.29"]
[Round "6.6"]
[White "Ritzerveld, Noah"]
[Black "Slagboom, Leandro"]
[Result "1/2-1/2"]
[WhiteElo "2181"]
[BlackElo "2331"]
[PlyCount "66"]
[[Date "2024.08.01"]]

1. e4 e6 2. d4 d5 3. Nc3 Nf6 4. e5 Nfd7 5. f4 c5 6. Nf3 Nc6 7. Be3 Be7 8. Qd2
O-O 9. dxc5 Qa5 10. Nb5 Qxd2+ 11. Kxd2 Nxc5 12. Bxc5 Bxc5 13. c3 f6 14. Bd3
fxe5 15. fxe5 Bd7 16. Rhf1 h6 17. Nbd4 Be7 18. Bg6 Nxd4 19. cxd4 a5 20. Rac1
Bd8 21. Ke2 a4 22. Nd2 Bb6 23. Ke3 Bb5 24. Bd3 Rxf1 25. Rxf1 Be8 26. Rc1 Bd8
27. Nf3 g5 28. g4 Kg7 29. Rc2 Bb6 30. Rc1 Bd8 31. Rc2 Bc6 32. Ng1 Bb6 33. Rf2
Rf8 1/2-1/2

[Event "Dutch Open 2024"]
[Site "Velp, Netherlands"]
[Date "2024.07.29"]
[Round "6.7"]
[White "Shakhverdian, William"]
[Black "Hilwerda, Jonas"]
[Result "1/2-1/2"]
[WhiteElo "2157"]
[BlackElo "2257"]
[PlyCount "36"]
[[Date "2024.08.01"]]

1. d4 e6 2. Nf3 f5 3. c4 Nf6 4. g3 d5 5. Bg2 Bd6 6. Bf4 Bxf4 7. gxf4 O-O 8. Qc2
b6 9. Nbd2 Ne4 10. Rc1 c6 11. e3 Ba6 12. Ne5 Nd6 13. b3 Qe7 14. Qb2 Rc8 15. O-O
Nd7 16. Qa3 Bb7 17. Nxd7 Qxd7 18. Nf3 Nf7 1/2-1/2

[Event "Dutch Open 2024"]
[Site "Velp, Netherlands"]
[Date "2024.07.29"]
[Round "6.8"]
[White "Zwirs, Jasper"]
[Black "Grooten, Herman"]
[Result "0-1"]
[WhiteElo "2088"]
[BlackElo "2211"]
[PlyCount "84"]
[[Date "2024.08.01"]]

1. d4 Nf6 2. Nc3 d5 3. Bf4 a6 4. e3 Bf5 5. Nf3 e6 6. Ne5 h6 7. g4 Bh7 8. h4
Nfd7 9. Bd3 Bxd3 10. Qxd3 Nxe5 11. Bxe5 Nc6 12. O-O-O Qd7 13. e4 O-O-O 14. f3
f6 15. exd5 Nb4 16. Qg6 fxe5 17. dxe6 Qe8 18. Qf5 g6 19. Qxe5 Bd6 20. Qe3 Qf8
21. Kb1 Qf4 22. Qe2 Be7 23. a3 Nd5 24. Nxd5 Rxd5 25. c3 Rf8 26. Rd3 c6 27. Ka1
Rfd8 28. h5 gxh5 29. gxh5 c5 30. Rhd1 cxd4 31. cxd4 Rxd4 32. Rc3+ Kb8 33. Rdc1
Rd2 34. Qe1 Qd4 35. Qg3+ Ka7 36. Qc7 Qd6 37. Rb3 Rb8 38. Qc4 Bf6 39. Qe4 Qd4
40. Rc7 Qxe4 41. fxe4 Rd6 42. e7 Re6 0-1